| 000 | 00694nam a2200205Ia 4500 | ||
|---|---|---|---|
| 003 | OSt | ||
| 005 | 20250819123334.0 | ||
| 008 | Pun | ||
| 037 | _cTextual | ||
| 040 |
_aARTS _cARTS _bPun |
||
| 041 |
_2Pun _aPun |
||
| 084 |
_aO153:g P3 _qAL |
||
| 100 |
_aਗੁਰਭਗਤ ਸਿੰਘ _9157918 |
||
| 245 | 0 | _aਵਿFਵ ਚਿੰਤਨ ਅਤੇ ਪੰਜਾਬੀ ਸਾਹਿੱਤ | |
| 260 |
_aਅੰਮ੍ਰਿਤਸਰ _b ਗੁਰੂ ਨਾਨਕ ਦੇਵ ਯੁਨੀਵਰਸਿਟੀ _c2003 |
||
| 300 |
_a150ਪੰ _ccm. |
||
| 650 | _aਪੰਜਾਬੀ ਸਾਹਿਤ | ||
| 942 |
_hO153:g, P3 _cTB _2CC _n0 |
||
| 999 |
_c366801 _d366801 |
||